Первое собрание уполномоченных Архангельского союза промысловой кооперации , 20-23 февраля 1926 года (Запись № 11530843)

Подробности
000 -МАРКЕР
контрольное поле 01439nam0a22003371 4500
001 - ИДЕНТИФИКАТОР ЗАПИСИ
контрольное поле RU\NLR\P19\A1SV\4913
005 - ИДЕНТИФИКАТОР ВЕРСИИ
контрольное поле 20260407020235.0
035 ## - ДРУГИЕ СИСТЕМНЫЕ НОМЕРА
Идентификатор записи (NLR Aleph) 011122844
100 ## - ДАННЫЕ ОБЩЕЙ ОБРАБОТКИ
Данные общей обработки 19980515d1926 u y0rusy50 ca
101 0# - ЯЗЫК РЕСУРСА
Язык текста, звукозаписи и т.д. русский
102 ## - СТРАНА ПУБЛИКАЦИИ ИЛИ ПРОИЗВОДСТВА
Страна публикации российская федерация
105 ## - ПОЛЕ КОДИРОВАННЫХ ДАННЫХ: ТЕКСТОВЫЕ МАТЕРИАЛЫ, МОНОГРАФИЧЕСКИЕ
Кодированные данные о монографическом текстовом документе y |||||||||
200 1# - ЗАГЛАВИЕ И СВЕДЕНИЯ ОБ ОТВЕТСТВЕННОСТИ
Основное заглавие Первое собрание уполномоченных Архангельского союза промысловой кооперации , 20-23 февраля 1926 года
Сведения, относящиеся к заглавию [протокол]
210 ## - ПУБЛИКАЦИЯ, РАСПРОСТРАНЕНИЕ И ДР.
Место издания, распространения и т.д. Архангельск
Имя издателя, распространителя и т. д. Гублит
Дата издания, распространения и т.д. 1926
Место изготовления Тип. кооп. т-ва "Прибой"
215 ## - ФИЗИЧЕСКАЯ ХАРАКТЕРИСТИКА
Специфическое обозначение материала и объем 54 с., [5] л. табл.
Размеры 21 см
606 1# - НАИМЕНОВАНИЕ ТЕМЫ КАК ПРЕДМЕТ
Наименование темы Промыслы
Тематический подзаголовок История
Географический подзаголовок Архангельская губерния
Системный номер авторитетной/нормативной записи 2622691
Идентификатор авторитетной/нормативной записи RU\NLR\AUTH\661559251
617 ## - ИЕРАРХИЧЕСКОЕ ГЕОГРАФИЧЕСКОЕ НАЗВАНИЕ, ИСПОЛЬЗУЕМОЕ КАК ПРЕДМЕТ
Страна
Другие географические объекты Европейская часть
-- Север
Край / область / округ / графство / департамент и т.п. Архангельская губерния
620 ## - МЕСТО И ДАТА ПУБЛИКАЦИИ, ИСПОЛНЕНИЯ И Т. Д.
Город Архангельск
686 ## - ИНДЕКСЫ ДРУГИХ КЛАССИФИКАЦИЙ
Индекс У30(28)09
686 ## - ИНДЕКСЫ ДРУГИХ КЛАССИФИКАЦИЙ
Индекс Т3(2Р-4Арх)71-2
686 ## - ИНДЕКСЫ ДРУГИХ КЛАССИФИКАЦИЙ
Индекс Т52(2Р31-4Арх)
710 02 - НАИМЕНОВАНИЕ ОРГАНИЗАЦИИ - ПЕРВИЧНАЯ ОТВЕТСТВЕННОСТЬ
Начальный элемент ввода Архангельский союз промысловой кооперации
Структурное подразделение Собрание уполномоченных
Порядковый номер временной организации и / или порядковый номер ее части 1
Дата проведения временной организации 1926
Идентификатор авторитетной/нормативной записи RU\NLR\AUTH\8810004974
Системный номер авторитетной/нормативной записи 507310
801 #0 - ИСТОЧНИК ЗАПИСИ
Страна российская федерация
Организация NLR
Дата составления 19980515
801 #2 - ИСТОЧНИК ЗАПИСИ
Страна российская федерация
Организация NLR
Дата составления 20110805
Источник данных rusmarc
852 ## - МЕСТОНАХОЖДЕНИЕ И ШИФР ХРАНЕНИЯ
Идентификатор организации NLR
Шифр хранения (Call Number) 34/2754а
899 ## - ДАННЫЕ О МЕСТОНАХОЖДЕНИИ (устаревшее)
Местонахождение РКП
899 ## - ДАННЫЕ О МЕСТОНАХОЖДЕНИИ (устаревшее)
Местонахождение БАН
899 ## - ДАННЫЕ О МЕСТОНАХОЖДЕНИИ (устаревшее)
Местонахождение РГБ
942 ## - ДОПОЛНИТЕЛЬНЫЕ ЭЛЕМЕНТЫ ЗАПИСИ (АБИС)
Тип экземпляра АБИС Книга
980 ## - КОЛЛЕКЦИЯ
Название коллекции Национальная библиография

Нет доступных экземпляров.